Prognóza vývoja mzdových prostriedkov na materských, základných a špeciálnych školách, gymnáziách a stredných odborných školách v SR do roku 2010

Salvato in:
Dettagli Bibliografici
Autore principale: Gabajová, Zuzana
Natura: Libro
Lingua:slovacco
Pubblicazione: Bratislava Ústav informácií a prognóz školstva, mládeže a telovýchovy 1990
Tags: Aggiungi Tag
Nessun Tag, puoi essere il primo ad aggiungerne!!

MARC

LEADER 00000nam a2200000 4500
001 c040373
005 20251111081722.6
041 0 |a slo 
044 |a SK 
245 1 0 |a Prognóza vývoja mzdových prostriedkov na materských, základných a špeciálnych školách, gymnáziách a stredných odborných školách v SR do roku 2010  |c Zuzana Gabajová 
264 1 |a Bratislava  |b Ústav informácií a prognóz školstva, mládeže a telovýchovy  |c 1990 
300 |a 8 s. 
100 1 |a Gabajová, Zuzana